Catálogo público

I Premio Nacional de Investigación : (Record no. 112770)

MARC details
000 -CABECERA
campo de control de longitud fija 01990nam a2200301 a 4500
001 - NÚMERO DE CONTROL
campo de control 000116309
003 - IDENTIFICADOR DEL NÚMERO DE CONTROL
campo de control CHAP
005 - FECHA Y HORA DE LA ÚLTIMA TRANSACCIÓN
campo de control 20220329144610.0
008 - DATOS DE LONGITUD FIJA--INFORMACIÓN GENERAL
campo de control de longitud fija 191125s2015 mx |r| ||||||spa d
010 ## - NÚMERO DE CONTROL DE LA BIBLIOTECA DEL CONGRESO
Número de control de LC 112770
011 ## - ENLACE DEL NUMERO DE CONTROL DE LA BIBLIOTECA DEL CONGRESO [OBSOLETO]
Número de control de LC 113742
040 ## - FUENTE DE LA CATALOGACIÓN
Centro/agencia transcriptor CHAP
082 04 - NÚMERO DE LA CLASIFICACIÓN DECIMAL DEWEY
Número de clasificación 336.72072
Número de documento/Ítem P92
245 00 - MENCIÓN DE TÍTULO
Título I Premio Nacional de Investigación :
Resto del título impulso al desarrollo de las finanzas estatales.
246 00 - FORMA VARIANTE DE TÍTULO
Título propio/Titulo breve Primer Premio Nacional de Investigación :
Resto del título impulso al desarrollo de las Finanzas estatales
260 ## - PUBLICACIÓN, DISTRIBUCIÓN, ETC.
Lugar de publicación, distribución, etc. Ciudad de México :
Nombre del editor, distribuidor, etc. UNAM,
Fecha de publicación, distribución, etc. [2015].
300 ## - DESCRIPCIÓN FÍSICA
Extensión 3 v.
500 ## - NOTA GENERAL
Nota general Investigaciones ganadoras en la categoría de Licenciatura y Posgrado
505 ## - NOTA DE CONTENIDO CON FORMATO
Nota de contenido con formato Volumen 1. Licenciatura 1o. lugar: Gasto público, descentralización fiscal y crecimiento económico : el caso de Chiapas (1982-2012) /Alfredo Saragos López. -- 2o. lugar: El efecto de la distribucción del gasto de la educación en el bienestar educativo de las entidades federativas de México (2005-2010) /Juan Carlos Sánchez Mujica Dunand. -- [3o. lugar]: Análisis de la eficiencia recaudatoria del impuesto sobre nóminas en México 2005-2012 / Alejandro Platas López. -- Volumen 2. Posgrado 1o. lugar: Análisis fractal aplicada a la recaudación local como medida de control para las finanzas estatales / Sergio Lagunas Puls. --2o. lugar: La economía del conocimiento en las entidades federativas de México, una propuesta para impulsar su crecimiento económico / Carlos Manuel Sánchez Ramírez. -- Posgrado Mención especial: Análisis de la implementación de la armonización contable en entidades públicas del estado de Quintana Roo / Juana Trujillo. -- Volumen 3. Reseña.
590 ## - NOTA LOCAL (RLIN)
Nota local E11695DGD
Procedencia (VM) [OBSOLETO] 10
Condición del los carretes individuales (VM) [OBSOLETO] 20191126
-- UCH01
-- 0938
590 ## - NOTA LOCAL (RLIN)
Nota local E5765TAJ
Procedencia (VM) [OBSOLETO] 05
Condición del los carretes individuales (VM) [OBSOLETO] 20191125
-- UCH01
-- 1307
590 ## - NOTA LOCAL (RLIN)
Nota local E5765TAJ
Procedencia (VM) [OBSOLETO] 05
Condición del los carretes individuales (VM) [OBSOLETO] 20191125
-- UCH01
-- 1307
650 14 - PUNTO DE ACCESO ADICIONAL DE MATERIA--TÉRMINO DE MATERIA
Término de materia o nombre geográfico como elemento de entrada Finanzas públicas
Subdivisión geográfica México
Subdivisión general Investigación.
9 (RLIN) 137134
650 14 - PUNTO DE ACCESO ADICIONAL DE MATERIA--TÉRMINO DE MATERIA
Término de materia o nombre geográfico como elemento de entrada Gasto público
Subdivisión geográfica México.
9 (RLIN) 47253
901 ## - ELEMENTOS DE DATOS A LOCAL LDA (RLIN)
a BK
942 ## - ELEMENTOS DE PUNTO DE ACCESO ADICIONAL (KOHA)
Tipo de ítem Koha Libro
942 ## - ELEMENTOS DE PUNTO DE ACCESO ADICIONAL (KOHA)
Suprimir en OPAC 0
Holdings
Estado de retiro Estado de pérdida Fuente del sistema de clasificación o colocación Estado dañado Restricciones de uso No para préstamo Código de colección Localización permanente Ubicación/localización actual Ubicación en estantería Fecha de adquisición Información codificada de la localización en otra ubicación Total de préstamos Signatura topográfica completa Código de barras Fecha visto por última vez Precio válido a partir de Tipo de ítem Koha
    Dewey Decimal Classification   Préstamo 15 días   General Biblioteca Central Biblioteca Central Planta alta - Colección General 25/11/2019 LIBRO   336.72072 P92 v.1 33724002562124 31/12/2019 31/12/2019 Libro
    Dewey Decimal Classification   Préstamo 15 días   General Biblioteca Central Biblioteca Central Planta alta - Colección General 25/11/2019 LIBRO   336.72072 P92 v.2 33724002562082 31/12/2019 31/12/2019 Libro
    Dewey Decimal Classification   Préstamo 15 días   General Biblioteca Central Biblioteca Central Planta alta - Colección General 25/11/2019 LIBRO   336.72072 P92 v.3 33724002561892 31/12/2019 31/12/2019 Libro